000 00811nam a22002657a 4500
001 000628
003 DO-SdBNP
005 20180205140701.0
007 000628
008 161101b 1984 sp a ||||| |||| 00| 0 spa d
040 _aBPMSU
_bspa
_cBPMSU
082 _axxxx
_bxxxx
100 1 _aSégur, Sophie de,
_d1799-1874.
245 1 0 _aPobrecito Blas /
_cCondesa de Ségur, Sofía Rostopchine ; traducción de Matilde Ras ; ilustraciones de Galiana.
250 _a3a ed.
260 _aMadrid :
_bAguilar
_c1964.
300 _a169 p. :
_bil. ;
_c18 cm.
490 1 _aLecturas juveniles
700 1 _aRostopchine, Condesa de
700 1 _aRas, Matilde,
_etr.
830 0 _aLecturas juveniles.
942 _2ddc
_cBK
945 _aInventariado, 2018/ YL
956 _2LOPEREZ
_310
_620161101
_8BPMSU
_a00041
999 _c11742
_d11742